Word Ladder: Solitaire Variant Quiz Stats

 Plays Quiz Updated Mar 28, 2016

Challenge
Share
Tweet
Embed
Score 0/16 Timer 01:30
0 Plays Today
Hint 4-Letter Word % Correct
Salmon, tuna, or bass, e. g.FISH
98.5%
Balled-up handFIST
97.7%
'Fight Club' actor BradPITT
96.7%
There are three in a yardFEET
96.5%
Hope or desireWISH
95.5%
Impressive accomplishmentFEAT
95.2%
Half a quartPINT
95.2%
Authoritative decree or Italian automakerFIAT
95.1%
Hint 4-Letter Word % Correct
◄ Unrestrained; at liberty ►◄ FREE ►
94.5%
1/100 of a dollarCENT
94%
Accompanied byWITH
93.7%
To express worryFRET
92.7%
◄ A small room in a convent or prison ►◄ CELL ►
91.4%
White part of an orangePITH
91.1%
Confined; repressed (often with 'up')PENT
90.8%
Ancient inhabitant of BritainCELT
88%

Today's Daily Dose

You're not logged in!

Compare scores with friends on all Sporcle quizzes.
Join for Free
OR
Log In

You Might Also Like...

Show Comments

Extras

Top Quizzes Today


Score Distribution

Your Account Isn't Verified!

In order to create a playlist on Sporcle, you need to verify the email address you used during registration. Go to your Sporcle Settings to finish the process.

Report this User

Report this user for behavior that violates our Community Guidelines.

Details: